000 00157nam a22000857a 4500
082 _a823
100 _aUNKNOWN
245 _aSTORIES FOR CHILDREN - 2
942 _cBK
999 _c8067
_d8067